000 005990000a22001810004500
003 MACL
005 20160610135237.0
008 160610b xxu||||| |||| 00| 0 eng d
040 _aMACL
_cMACL
041 _aHindi
082 _a800
100 _a डॉ रामानुजं, पी एस
_963870
245 _aबिल्‍ली की भाषा
_cडॉ पी एस रामानुजं
260 _bभारतीय प्रकाशन संस्‍थान
_c2001
_aदिल्‍ली
350 _a70
650 _aLiteracture
_963871
942 _cHIN
_k800
_2ddc
999 _c29895
_d29895